Shama-E-Aiman (Record no. 7501)

MARC details
000 -LEADER
fixed length control field 00586nam a2200241 a 4500
020 ## - INTERNATIONAL STANDARD BOOK NUMBER
ISBN
082 00 - DEWEY DECIMAL CLASSIFICATION NUMBER
Classification number 891.41
Author Cutter BAI
100 ## - MAIN ENTRY--AUTHOR NAME
Author name Baig, Safdar Ali
245 ## - TITLE STATEMENT
Title Shama-E-Aiman
260 ## - PUBLICATION, DISTRIBUTION, ETC. (IMPRINT)
Place of publication Hyderabad
Name of publisher Osmania University
Year of publication 0000
300 ## - PHYSICAL DESCRIPTION
Number of Pages 141p
500 ## - GENERAL NOTE
General note includes index and biblioraphy
505 2# - FORMATTED CONTENTS NOTE
Formatted contents note Hebrew Grammar {New Testament}
650 ## - SUBJECT ADDED ENTRY--TOPICAL TERM
Topical Term Urdu-Poetry
942 ## - ADDED ENTRY ELEMENTS (KOHA)
Koha item type Books
700 1# -
-- Baig, Safdar Ali
Holdings
Collection code Home library Current library Date acquired Cost, normal purchase price Full call number Accession Number Koha item type
  Henry Martyn Institute Library Henry Martyn Institute Library 06/18/2007 7.50 891.41 BAI 010433 Books
                   Copyright © 2026 | Henry Martyn Institute | Hyderabad | TS-500052 | INDIA | Implemented by hmi.edu.in
Hit-Count:

Powered by Koha